Pāśātyasāhityadarśanaṃ. (Record no. 56176)

MARC details
000 -LEADER
fixed length control field 00591cam a22002291 4500
001 - CONTROL NUMBER
control field sa 64000376
003 - CONTROL NUMBER IDENTIFIER
control field DLC
005 - DATE AND TIME OF LATEST TRANSACTION
control field 20260227111955.0
008 - FIXED-LENGTH DATA ELEMENTS--GENERAL INFORMATION
fixed length control field 890921s1962 ii b 000 0 malo
010 ## - LIBRARY OF CONGRESS CONTROL NUMBER
LC control number sa 64000376
035 ## - SYSTEM CONTROL NUMBER
System control number (OCoLC)20376676
040 ## - CATALOGING SOURCE
Original cataloging agency DLC
Transcribing agency WaU
Modifying agency DLC
042 ## - AUTHENTICATION CODE
Authentication code premarc
050 00 - LIBRARY OF CONGRESS CALL NUMBER
Classification number PN709
Item number .A3
100 1# - MAIN ENTRY--PERSONAL NAME
Personal name Achuthan, M.,
Dates associated with a name 1931-
245 10 - TITLE STATEMENT
Title Pāśātyasāhityadarśanaṃ.
260 ## - PUBLICATION, DISTRIBUTION, ETC.
Date of publication, distribution, etc. [1962]
300 ## - PHYSICAL DESCRIPTION
Extent 396 p.
Dimensions 22 cm.
500 ## - GENERAL NOTE
General note In Malayalam.
504 ## - BIBLIOGRAPHY, ETC. NOTE
Bibliography, etc. note Bibliography: p. [387]-389.
650 #0 - SUBJECT ADDED ENTRY--TOPICAL TERM
Topical term or geographic name entry element Literature, Modern
General subdivision History and criticism.

No items available.

Powered by Koha